|
|
|
|
| LEADER |
01474nam a2200385 a 4500 |
| 001 |
000705455 |
| 003 |
CZ BrMZK |
| 005 |
20040311121728.0 |
| 007 |
ta |
| 008 |
040204s2003 xr acf e 000 0bcze d |
| 015 |
|
|
|a cnb001256095
|
| 020 |
|
|
|a 80-200-1154-4
|q (váz.)
|
| 035 |
|
|
|a (OCoLC)55697648
|
| 040 |
|
|
|a BOA001
|b cze
|
| 043 |
|
|
|a e-xr---
|
| 072 |
|
7 |
|a 929
|x Biografie
|2 Konspekt
|9 8
|
| 072 |
|
7 |
|a 32
|x Politika
|2 Konspekt
|9 15
|
| 080 |
|
|
|a 929
|2 MRF
|
| 080 |
|
|
|a 32-051
|2 MRF
|
| 080 |
|
|
|a (437.3)
|2 MRF
|
| 080 |
|
|
|a (092)
|2 MRF
|
| 100 |
1 |
|
|a Sak, Robert,
|d 1933-2014
|7 jk01110308
|4 aut
|
| 245 |
1 |
0 |
|a Rieger :
|b konzervativec nebo liberál? /
|c Robert Sak
|
| 250 |
|
|
|a Vyd. 2., V Academii 1.
|
| 260 |
|
|
|a Praha :
|b Academia,
|c 2003
|
| 300 |
|
|
|a 327 s. :
|b il., portréty, [xvi] s. obr. příl. ;
|c 22 cm
|
| 504 |
|
|
|a Obsahuje bibliografii, bibliografické odkazy a rejstřík
|
| 600 |
1 |
7 |
|a Rieger, František Ladislav,
|c baron,
|d 1818-1903
|7 jk01102434
|2 czenas
|
| 650 |
0 |
7 |
|a politici
|7 ph115781
|z Česko
|y 19.-20. stol.
|2 czenas
|
| 655 |
|
7 |
|a biografie
|7 fd131909
|2 czenas
|
| 856 |
4 |
1 |
|u https://www.digitalniknihovna.cz/mzk/uuid/uuid:9f1a6c60-4de7-11e3-9c86-005056827e51
|y Digitalizovaný dokument
|x NDK
|
| 910 |
|
|
|a BOA001
|b 2-1129.390
|
| 990 |
|
|
|a BK
|
| 996 |
6 |
|
|b 2610211376
|c 2-1129.390
|l MZK
|r Sklad / do 1 hodiny
|n 5
|p kup
|w 000705455
|u 000010
|a 1
|e BOA001
|j MZK50
|s P
|
| 996 |
7 |
|
|b 2610214658
|c 2-1129.390
|l MZK
|r Sklad / do 1 hodiny
|n 9
|p p.v.
|w 000705455
|u 000020
|a 1
|e BOA001
|j MZK50
|s A
|